000 00354 a2200157 4500
001 150140
040 _cEscola São Tomás de Aquino
100 _aPALOMBO, Antônio Sérgio
240 1 0 _aElas só falam de amor!
_lpor
245 1 0 _aElas só falam de amor!
300 _a24
362 0 _a1995
440 1 _aDel Rey
697 _aPoesia
942 _cBK
999 _c150140
_d150140